Debt finance (Record no. 80481)
[ view plain ]
| 000 -LEADER | |
|---|---|
| fixed length control field | 00743cab a22001935a 4500 |
| 001 - CONTROL NUMBER | |
| control field | L144479 |
| 008 - FIXED-LENGTH DATA ELEMENTS--GENERAL INFORMATION | |
| fixed length control field | 080722s2008 xxk f 000 0 eng d |
| 035 ## - SYSTEM CONTROL NUMBER | |
| System control number | (Sirsi) u144479 |
| 041 0# - LANGUAGE CODE | |
| Language code of text/sound track or separate title | eng |
| 110 2# - MAIN ENTRY--CORPORATE NAME | |
| Corporate name or jurisdiction name as entry element | AsiaProperty |
| 9 (RLIN) | 5571 |
| 245 00 - TITLE STATEMENT | |
| Title | Debt finance |
| 260 ## - PUBLICATION, DISTRIBUTION, ETC. | |
| Date of publication, distribution, etc. | 2008 |
| 490 #0 - SERIES STATEMENT | |
| Series statement | Asia Property |
| Volume/sequential designation | April 2008, 25-28(4) |
| 520 ## - SUMMARY, ETC. | |
| Summary, etc. | Reports that since January 2008 there is evidence that the credit crunch is hitting Asian property as well. Asia initially escaped the worst of the financial turmoil of 2007, but credit markets are now under pressure as loan-to-value ratios fall and borrowing costs rise. Tables. |
| 590 ## - LOCAL NOTE (RLIN) | |
| Local note | KA |
| 651 #4 - SUBJECT ADDED ENTRY--GEOGRAPHIC NAME | |
| Geographic name | Asia |
| 690 ## - LOCAL SUBJECT ADDED ENTRY--TOPICAL TERM (OCLC, RLIN) | |
| Topical term or geographic name as entry element | PROPERTY-COMMERCIAL PROPERTY-COMMERCIAL PROPERTY MARKET |
| 942 ## - ADDED ENTRY ELEMENTS (KOHA) | |
| Suppress in OPAC | 0 |
| Withdrawn status | Lost status | Source of classification or shelving scheme | Damaged status | Not for loan | Home library | Current library | Shelving location | Date acquired | Total Checkouts | Full call number | Barcode | Date last seen | Copy number | Price effective from | Koha item type |
|---|---|---|---|---|---|---|---|---|---|---|---|---|---|---|---|
| Dewey Decimal Classification | London | London | Journal article | 22/07/2008 | L144479 | 144479-1001 | 06/08/2019 | 1 | 06/08/2019 | Journal article |